000 00958nam a2200265 a 4500
001 BRCA_2240
005 20190320203728.0
008 940822s1993 sp-a---##b---#001-0#spa-#
020 _a8486474175
040 _aDLC
_cDLC
050 4 _aNA702.2
_b.G88 1993
100 1 _aGutiérrez, Ramón A.
_96732
245 1 0 _aArquitectura y fortificación de la ilustración a la independencia americana
_cRamón Gutiérrez, Cristina Esteras.
260 _aMadrid
_bTuero
_c1993
300 _a461 p.
_bil.
_c21 cm.
440 0 _aColección Investigación y crítica
_96733
500 _aIncluye índice onomástico
504 _aIncluye referencias bibliográficas
650 1 4 _aArquitectura barroca
_zAmérica Latina
_96734
650 1 4 _aNeoclasicismo (Arquitectura)
_zAmérica Latina
_96735
650 1 4 _aArquitectura
_zAmérica Latina
_96736
650 1 4 _aArquitectura militar
_zAmérica Latina
_96737
700 1 _aEsteras Martín, Cristina
_96738
942 _2lcc
_cB
999 _c1991
_d1991